| 000 | 01203nam a22002777a 4500 | ||
|---|---|---|---|
| 001 | BD-DhSAU 9036 | ||
| 003 | BD-DhSAU | ||
| 005 | 20181220124316.0 | ||
| 008 | 150612b2005 bg a||||r|||| 000 0 eng d | ||
| 040 | _aBD-DhSAU | ||
| 082 |
_222 _a635 _bSh17 |
||
| 100 |
_aShamim, Md. Shofiqul Islam _eRegistration No. # 23871/00142 |
||
| 245 |
_aGrowth, Yield and shelf life of tomato (lycopersicon esculentum) as influenced by nitrogenous fertilizer / _bMS thesis _cby Md. Shofiqul Islam Shamim |
||
| 260 |
_aSher-e- Bangla Agricultural University : _bDepartment of Horticulture and Postharvest Technology, _c2005. |
||
| 300 |
_axi, 69 p. : _bill. , _c30 cm. |
||
| 500 | _aMS thesis of Department of Horticulture and Postharvest Technology, Faculty of Agriculture, Sher-e-Bangla Agricultural University, Dhaka, Bangladesh | ||
| 590 | _ajoy | ||
| 650 | _aHorticulture | ||
| 650 | _aPostharvest Technology | ||
| 650 | _alycopersicon esculentum | ||
| 650 |
_aTomato _xGrowth and yield |
||
| 700 |
_aSalam, Md. Abdus _eSupervisor |
||
| 700 |
_aAkand, Md. Hassanuzzaman _eCo-Supervisor |
||
| 856 |
_yOnline Access _uhttp://archive.saulibrary.edu.bd:8080/xmlui/handle/123456789/1020 |
||
| 942 |
_2ddc _cTHESIS |
||
| 999 |
_c9036 _d9036 |
||